banner-ar

هجرة القوارير / (Record no. 55831)

MARC details
000 -الفاتح
حقل البيانات ثابتة الطول 00603nam a2200205Ia 4500
008 - عناصر البيانات ثابتة الطول - معلومات عامة
حقل البيانات ثابتة الطول 140319s9999 xx 000 0 ara d
040 ## - مصدر الفهرسة
وكالة الفهرسة الأصلية GCL /
وكالة النسخ GCL
082 04 - رقم تصنيف ديوى العشرى
رقم التصنيف 810.8009
رقم المادة ا هـ
100 1# - المدخل الرئيسى - إسم شخصى
الإسم الشخصى انتصار منصور العقيل
245 10 - بيان العنوان
العنوان هجرة القوارير /
بيان المسئوليه,etc انتصار منصور العقيل
260 ## - PUBLICATION, DISTRIBUTION, ETC. (IMPRINT)
تاريخ النشر أو التوزيع 1993
300 ## - الوصف المادى
التعداد 184 ص
490 ## - بيان السلسلة
عنوان السلسلة
650 04 - المدخل الاضافى بالموضوع-مصطلح موضوعى
مصطلح موضوعي الادب العربى
650 04 - المدخل الاضافى بالموضوع-مصطلح موضوعى
مصطلح موضوعي العصر الحديث
650 04 - المدخل الاضافى بالموضوع-مصطلح موضوعى
مصطلح موضوعي العصر الحجرى
650 04 - المدخل الاضافى بالموضوع-مصطلح موضوعى
مصطلح موضوعي المجموعات
942 ## - عناصر المدخل الإضافي( كوها)
مصدر التصنيف او مخطط الترفيف Dewey Decimal Classification
Koha [default] item type كتاب
260 ## - PUBLICATION, DISTRIBUTION, ETC. (IMPRINT)
-- [S.N] :
-- دائرة الاعلام ،
Holdings
حالة التراجع حالة الفقد حالة تلف ليس للاعارة المكان المؤقت الموقع الحالى تاريخ الاكتساب اجمالي اﻻعارات رقم الطلب الباركود تاريخ اخر مشاهدة تاريخ تفعيل السعر نوع وعاء كوها
        مكتبة القاهرة الكبرى مكتبة القاهرة الكبرى 03/26/2014   810.8009\ا هـ 133995 03/26/2014 03/26/2014 كتاب

Powered By

EGPV